000 01567cam a22003737a 4500
999 _c332564
_d332564
001 17764350
003 NUST
005 20171213135350.0
008 130605t20132013ne a b 001 0 eng d
010 _a 2012538472
015 _aGBB2B6851
_2bnb
016 7 _a016214828
_2Uk
020 _a9780444519566 (hbk.)
020 _a0444519564 (hbk.)
035 _a(OCoLC)ocn819519574
040 _aUKMGB
_beng
_cUKMGB
_erda
_dOCLCO
_dYDXCP
_dBWX
_dPAU
_dCIT
_dOCLCQ
_dDLC
042 _alccopycat
050 0 0 _aQC176.8.N35
_bS457 2013
082 0 4 _a650.5 SER
_223
100 1 _aSergeev, G. B.
_q(Gleb Borisovich),
_eauthor.
_97221
245 1 0 _aNanochemistry /
_cG.B. Sergeev,
264 1 _aAmsterdam :
_bElsevier,
_c2006
264 4 _c©2006
300 _axii, 249 pages :
_billustrations ;
_c24 cm
336 _atext
_btxt
_2rdacontent
337 _aunmediated
_bn
_2rdamedia
338 _avolume
_bnc
_2rdacarrier
500 _a"The monograph by professor G.B. Sergeeev was first published in Russian in 2003; its extended English version was published by Elsevier in 2006" -- p. xi.
501 _aH.B
504 _aIncludes bibliographical references and index.
650 0 _aNanochemistry.
_93298
700 1 _aKlabunde, Kenneth J.,
_eauthor.
_97222
906 _a7
_bcbc
_ccopycat
_d2
_encip
_f20
_gy-gencatlg
942 _2ddc
_cBK
_kIESE